000 00558nam a2200217 a 4500
999 _c1820
_d1820
001 1820
003 BD-JhCC
005 20220825134021.0
008 171024s2005 ii a|||| |||| 00| 0 eng d
035 _a(BD-JhCC)1820
040 _aBD-JhCC
_dBD-JhCC
041 _aeng
082 _222
_a843.8
_bVER 2005
100 _aVerne, Jules
245 _aAround the world in 80 days /
_cJules Verne
260 _aDelhi :
_bDhingra art press,
_c2005.
300 _a224 p. :
_bill. ;
_c22cm.
650 _aAdvanture Stories
942 _2ddc
_cBK
_06